000 00270nam a2200121Ia 4500
008 190216s9999||||xx |||||||||||||| ||und||
100 _aMezhuveli Babuji
245 0 _aCommander
260 _bC I C C Book House
_c1998
300 _a208p
650 _aNovel
942 _cBK
999 _c27553
_d27553